000
00278nam a22001217a 4500
008
170424b xxu||||| |||| 00| 0 eng d
041
_a
eng
080
_2
59TH
_a
54
100
_a
12
101
_a
SHM
245
_a
HANDBOOK OF CHEMISTRY FOR PHYSICS
_c
WEAST, R.C
942
_2
udc
_c
BK
999
_c
11719
_d
11719